000 00545nam a2200181 i 4500
001 146947
003 ES-MaACL
005 20251013191103.0
007 t|
008 070919s1906 sp ||||1| spa d
245 0 0 _aTrozos de Literatura francesa /
_carreglados y ordenados por Rafael Reyes.
260 _aMadrid :
_bSucesores de Hernando,
_c1906.
300 _a334 p. ;
_c18 cm.
650 4 _aLengua francesa-
_vLecturas.
_9139019
700 _aReyes, Rafael,
_d1879-1947
_9193680
852 _aES-MaACL
_jG-14280
999 _c146947
_d146947